| 000 | 00455cam a22001457a 4500 | ||
|---|---|---|---|
| 008 | 180718b1957 xxu||||| |||| 00| 0 eng d | ||
| 082 | _aB71 Z66 | ||
| 100 | _aZink, Harold | ||
| 245 |
_aRural local government in Sweden, Italy and India: a comparative study _cby Harold Zink |
||
| 260 |
_aLondon _bStevens _c1957 |
||
| 300 | _axiii, 142p | ||
| 650 | _aLocal government --India. | ||
| 650 | _aLocal government --Italy | ||
| 650 | _aLocal government --Sweden | ||
| 999 |
_c422378 _d422378 |
||